League of Legends - Les tireurs - Statistiques

Statistiques générales
  • Ce quiz a été pris 792 fois
  • Le résultat moyen est 20 sur 29
Statistiques - réponses
Hint Réponse % Correct
5 Caitlyn
89%
3 Ashe
88%
12 Jinx
87%
28 Vayne
81%
8 Ezreal
80%
19 Miss Fortune
80%
11 Jhin
79%
18 Lucian
78%
2 Aphelios
77%
25 Tristana
77%
13 Kai'sa
76%
14 Kalista
74%
27 Varus
72%
21 Samira
69%
29 Xayah
68%
7 Draven
67%
22 Senna
66%
17 Kog'maw
64%
23 Sivir
64%
1 Akshan
63%
26 Twitch
62%
24 Teemo
58%
20 Quinn
57%
6 Corki
56%
9 Graves
55%
16 Kindred
53%
10 Jayce
45%
4 Azir
43%
15 Kennen
41%
Aucun quiz correspondant
Distribution des résultats
% des personnes avec chaque résultat
Percentile par nombre de réponses
Votre historique - résultats
Vous n’avez pas pris ce quiz